00725nam a22001937a 450000500170000001000150001702000260003203500140005803700090007208200110008110000280009224500660012026000440018627000780023030000200030894200250032899900190035395201590037220250109122124.0 aENG-143270 a9789391917249c351.00 aEN-126802 bDBAD a230.45 aMisra, Munindra.976207 aMorning Prayers & Vrats in English Rhymes/cBy Munindra Misra aNoidac2021bJAI3E Books and Publishing a2203, Express Trade Towers-2, Sector-132mjaip3e@gmail.combNoidae201304 a169p.c22cm(hb) 2ddccENh230.45mMIS c208269d208269 001040708NFICaDBADbDBADd2025-01-09eDelivery of Books Act Divisiong351.00l0o230.45 MISpEN-126802r2025-01-09 00:00:00t1v351.00w2025-01-09yEN